| 000 | 00373nam a2200145Ia 4500 | ||
|---|---|---|---|
| 008 | 150201s2008 xx 000 0 und d | ||
| 082 |
_a616.0757 _bP08W |
||
| 100 | _aWAGNER,GALEN S | ||
| 245 | _aMARRIOTT PRACTICAL ELECTROCARDIOGRAPHY | ||
| 250 | _a11TH | ||
| 260 |
_bWOLTER KULUWER _aDELHI _c2008 |
||
| 300 | _a1-468 | ||
| 650 | _aRADIOLOGY & DIAGNOSIS | ||
| 942 |
_2ddc _cBK _01 |
||
| 999 |
_c546 _d546 |
||